Score 0/79 Timer 20:00
0 Plays Today
Time Anime % Correct
01:15-01:30Bleach
84.8%
11:15-11:30Death note
82.4%
16:15-16:30Attack on titan
81.6%
08:15-08:30Cowboy bebop
79.9%
08:00-08:15Dragon ball Z
79.1%
02:15-02:30Naruto
78.3%
04:15-04:30Future diary
75.4%
06:15-06:30Toradora!
72.1%
12:30-12:45Soul eater
71.3%
05:15-05:30One piece
69.7%
04:00-04:15Fullmetal alchemist
69.3%
07:15-07:30Blue exorcist
68.9%
18:30-18:45Baccano!
66.8%
18:15-18:30Deadman wonderland
64.8%
18:00-18:15Fairy tail
61.1%
01:30-01:45Nana
58.6%
05:45-06:00K-on!
56.1%
19:00-19:15Hellsing
54.5%
05:00-05:15The melancholy of Haruhi Suzumiya
53.7%
01:00-01:15Pokémon
53.3%
11:00-11:15D. gray-man
52.9%
13:30-13:45School rumble
52.9%
03:45-04:00Wolf's rain
51.6%
03:00-03:15Azumanga daioh
49.2%
03:15-03:30Yu yu hakusho
46.7%
09:45-10:00Shakugan no Shana
46.3%
04:45-05:00Inuyasha
45.1%
06:45-07:00To love-ru
43.9%
12:45-13:00HunterxHunter
42.2%
10:00-10:15Nichijou
41%
08:30-08:45Rosario + Vampire
38.1%
14:00-14:15Sailor Moon
36.1%
02:45-03:00Code Geass R2
34.8%
12:15-12:30B gata H kei
32.8%
10:30-10:45Yorinuki Gintama-san
32.4%
12:00-12:15Black cat
32.4%
19:30-19:45Love Hina
32.4%
05:30-05:45Katekyo hitman Reborn!
32%
08:45-09:00Highschool DxD new
31.6%
07:00-07:15Heaven's lost property
27.5%
Time Anime % Correct
00:45-01:00Yu-gi-oh!
27%
00:15-00:30Zero's familiar
26.2%
15:15-15:30Ga-rei zero
25.8%
16:45-17:00RWBY
24.2%
09:15-09:30The Slayers
22.1%
06:30-06:45Beelzebub
22.1%
04:30-04:45Haiyore! Nyaruko-san W
20.5%
13:15-13:30Rurouni Kenshin
20.1%
00:30-00:45Amagami SS
19.7%
03:30-03:45Baka and test: summon the beasts!
18.4%
14:15-14:30Kissxsis
18%
17:00-17:15Code Lyoko
18%
14:30-14:45Hamtaro
16.8%
13:00-13:15Ah! My Goddess!
16.4%
09:30-09:45Bodacious space pirates
16%
19:15-19:30Battle vixens
15.2%
07:30-07:45Eureka 7 ao
12.7%
16:00-16:15Freezing vibration
9.4%
07:45-08:00Higurashi no naku koro ni kira
9%
02:00-02:15Bobobo-bo bo-bobo
8.6%
10:15-10:30Kiba
8.2%
02:30-02:45Medaka box abnormal
7.8%
15:30-15:45Needless
7.8%
13:45-14:00Sekirei pure engagement
7.4%
11:30-11:45A-channel
7%
17:45-18:00Magical warfare
7%
15:45-16:00Black God
6.1%
17:15-17:30Flame of Recca
6.1%
16:30-16:45Kirby of the stars
5.3%
01:45-02:00Girls bravo
4.9%
11:45-12:00Good luck! Ninomiya-kun
4.9%
06:00-06:15Battle girls: time paradox
4.5%
09:00-09:15Birdy the mighty: decode
4.1%
15:00-15:15Kanokon
3.7%
17:30-17:45Grenadier
3.3%
18:45-19:00Magic knight Rayearth
3.3%
00:00-00:15Aim for the ace!
2.5%
10:45-11:00Burn-up excess
2%
14:45-15:00Kanamemo
2%
Remove Ads.
Support Sporcle.
Get the best of Sporcle when you Go Orange. This ad-free experience offers more features, more stats, and more fun while also helping to support Sporcle. Thank you for becoming a member.

You're not logged in!

Compare scores with friends on all Sporcle quizzes.
OR
Log In

Show Comments

Extras

Created Jan 22, 2015ReportNominate
Tags:Anime Quiz, Song Quiz

Top Quizzes Today


Score Distribution

Your Account Isn't Verified!

In order to create a playlist on Sporcle, you need to verify the email address you used during registration. Go to your Sporcle Settings to finish the process.

Report this User

Report this user for behavior that violates our Community Guidelines.

Details: